[Event "Moscow Smyslov Masters"]
[Site "Moscow"]
[Date "2025.06.06"]
[Round "5"]
[White "Egorov, Evgeny"]
[Black "Khruschiov, Alexey"]
[Result "0-1"]
[WhiteElo "2232"]
[BlackElo "2272"]
[PlyCount "74"]
[EventDate "2025.06.02"]
[EventType "swiss"]
[EventRounds "9"]
[EventCountry "RUS"]
[SourceTitle "CB29_2025"]
[SourceDate "2025.07.16"]
[SourceVersion "1"]
[SourceVersionDate "2025.07.16"]
[SourceQuality "1"]

1. e4 d6 2. Bc4 e5 3. d3 Be7 4. Nc3 c6 5. f4 exf4 6. Bxf4 Bh4+ 7. g3 Be7 8. Qf3 Nf6 9. Nge2 0-0 10. Bb3 Na6 11. h3 Nc5 12. g4 d5 13. g5 dxe4 14. dxe4 Nfd7 15. h4 Nxb3 16. axb3 Nc5 17. Qg3 Qd7 18. Be5 Re8 19. b4 Na6 20. Nd4 Qg4 21. b5 Nb4 22. bxc6 bxc6 23. Rh2 Bc5 24. Rd1 Rxe5 25. Qxe5 Qg1+ 26. Kd2 Qxd4+ 27. Qxd4 Bxd4 28. Ke1 Bb6 29. Na4 Bc7 30. Rd4 c5 31. Rdd2 Bg3+ 32. Kf1 Ba6+ 33. Kg1 Bxh2+ 34. Kxh2 c4 35. Kg3 Kf8 36. Nc5 Bb5 37. Kf4 Ke7 0-1

[Event "Moscow Smyslov Masters"]
[Site "Moscow"]
[Date "2025.06.02"]
[Round "1"]
[White "Khruschiov, Alexey"]
[Black "Maslovskiy, Vladimir"]
[Result "0-1"]
[WhiteElo "2272"]
[BlackElo "2327"]
[PlyCount "54"]
[EventDate "2025.06.02"]
[EventType "swiss"]
[EventRounds "9"]
[EventCountry "RUS"]
[SourceTitle "CB29_2025"]
[SourceDate "2025.07.16"]
[SourceVersion "1"]
[SourceVersionDate "2025.07.16"]
[SourceQuality "1"]

1. Nf3 d5 2. g3 Nf6 3. Bg2 e6 4. 0-0 Be7 5. b3 0-0 6. c4 d4 7. e3 c5 8. exd4 cxd4 9. d3 Nc6 10. Re1 Nd7 11. Na3 e5 12. Nc2 a5 13. Rb1 f6 14. Nh4 Nc5 15. f4 g5 16. Bd5+ Kh8 17. fxg5 fxg5 18. Qh5 gxh4 19. Bxc6 Rf5 20. Qe8+ Qxe8 21. Bxe8 Nxd3 22. Re4 hxg3 23. hxg3 Rf8 24. Bh5 Bf5 25. Re2 Nxc1 26. Rxc1 Bg5 27. Ree1 d3 0-1

[Event "Moscow Ivi GP"]
[Site "Moscow"]
[Date "2024.10.09"]
[Round "7"]
[White "Rojas Salas, Steven Javier"]
[Black "Khruschiov, Alexey"]
[Result "1-0"]
[WhiteElo "2177"]
[BlackElo "2274"]
[PlyCount "42"]
[EventDate "2024.10.05"]
[EventType "swiss"]
[EventRounds "10"]
[EventCountry "RUS"]
[SourceTitle "CB45_2024"]
[Source "ChessBase"]
[SourceDate "2024.11.06"]
[SourceVersion "1"]
[SourceVersionDate "2024.11.06"]
[SourceQuality "1"]

1. e4 e5 2. Nf3 Nc6 3. Bb5 a6 4. Ba4 Nf6 5. 0-0 Be7 6. Re1 b5 7. Bb3 d6 8. c3 0-0 9. h3 Nb8 10. d4 Nbd7 11. Nbd2 Bb7 12. Bc2 Re8 13. Nf1 Bf8 14. d5 c6 15. dxc6 Bxc6 16. N3h2 d5 17. exd5 Nxd5 18. Ng3 g6 19. Ng4 f5 20. Bb3 Nc5 21. Bxd5+ Kh8 1-0

[Event "Moscow Ivi GP"]
[Site "Moscow"]
[Date "2024.10.08"]
[Round "6"]
[White "Khruschiov, Alexey"]
[Black "Akhmedov, David"]
[Result "0-1"]
[WhiteElo "2274"]
[BlackElo "2361"]
[PlyCount "70"]
[EventDate "2024.10.05"]
[EventType "swiss"]
[EventRounds "10"]
[EventCountry "RUS"]
[SourceTitle "CB45_2024"]
[Source "ChessBase"]
[SourceDate "2024.11.06"]
[SourceVersion "1"]
[SourceVersionDate "2024.11.06"]
[SourceQuality "1"]

1. d4 Nf6 2. c4 e6 3. Nf3 d5 4. Bg5 c6 5. Nbd2 h6 6. Bxf6 Qxf6 7. g3 Nd7 8. Bg2 Qd8 9. 0-0 Nf6 10. Qc2 Be7 11. e4 0-0 12. Rad1 b6 13. Rfe1 Bb7 14. a3 a5 15. Ne5 Rc8 16. c5 bxc5 17. dxc5 a4 18. Bh3 Qc7 19. exd5 cxd5 20. c6 Bd6 21. Qxa4 Bxc6 22. Nxc6 Qxc6 23. Qxc6 Rxc6 24. Nf3 Rc2 25. Rd2 Rxd2 26. Nxd2 Rc8 27. b4 Rc2 28. Nb3 Ra2 29. Ra1 Rb2 30. Nc1 e5 31. f3 e4 32. fxe4 dxe4 33. Bf1 Be5 34. b5 Bd4+ 35. Kh1 Rf2 0-1

[Event "Moscow Ivi GP"]
[Site "Moscow"]
[Date "2024.10.05"]
[Round "1"]
[White "Alekseev, Evgeny V"]
[Black "Khruschiov, Alexey"]
[Result "1/2-1/2"]
[WhiteElo "2537"]
[BlackElo "2274"]
[PlyCount "86"]
[EventDate "2024.10.05"]
[EventType "swiss"]
[EventRounds "10"]
[EventCountry "RUS"]
[SourceTitle "CB45_2024"]
[Source "ChessBase"]
[SourceDate "2024.11.06"]
[SourceVersion "1"]
[SourceVersionDate "2024.11.06"]
[SourceQuality "1"]

1. e4 c5 2. Nf3 e6 3. d4 cxd4 4. Nxd4 Nf6 5. Nc3 Nc6 6. a3 d6 7. Be3 Be7 8. Be2 0-0 9. Qd2 Bd7 10. f4 Nxd4 11. Qxd4 Bc6 12. Bf3 Qc7 13. 0-0 b5 14. Rad1 Rfd8 15. Bf2 Qb7 16. Rfe1 a5 17. Qb6 b4 18. Nd5 Bf8 19. Nxf6+ gxf6 20. axb4 axb4 21. Qxb7 Bxb7 22. Rd4 d5 23. exd5 Bxd5 24. Bxd5 Rxd5 25. Rxd5 exd5 26. Kf1 Rc8 27. Re2 f5 28. Bd4 Bg7 29. Bxg7 Kxg7 30. Rd2 Rc4 31. g3 Kf6 32. Ke2 Ke6 33. Kd3 Kd6 34. c3 b3 35. Rd1 Ra4 36. Re1 f6 37. Re2 Kc5 38. Re8 Ra2 39. Re2 h5 40. Ke3 Ra1 41. Rd2 Re1+ 42. Re2 Rc1 43. Rd2 Re1+ 1/2-1/2

[Event "Titled Tuesday intern op 13th Aug Early"]
[Site "Chess.com INT"]
[Date "2024.08.13"]
[Round "1"]
[White "Khruschiov, Alexey"]
[Black "Luba, Lukasz"]
[Result "0-1"]
[WhiteElo "2274"]
[BlackElo "2068"]
[PlyCount "68"]
[EventDate "2024.08.13"]
[EventType "swiss (blitz)"]
[EventRounds "11"]
[EventCountry "USA"]
[SourceTitle "EXT 2025"]
[Source "ChessBase"]
[SourceDate "2024.10.14"]
[SourceVersion "1"]
[SourceVersionDate "2024.10.14"]
[SourceQuality "1"]

1. e4 e5 2. Nf3 Nc6 3. d3 h6 4. c3 Nf6 5. Be2 Be7 6. Nbd2 0-0 7. 0-0 d5 8. b4 Be6 9. b5 Nb8 10. Nxe5 dxe4 11. dxe4 Bc5 12. Qc2 Qd6 13. Ndf3 Ng4 14. Bf4 Qb6 15. Nd4 Nxe5 16. Bxe5 Nd7 17. Nxe6 fxe6 18. Bd4 e5 19. Bxc5 Qxc5 20. Kh1 Kh8 21. f3 Nf6 22. Rad1 Nh5 23. Rd5 Qe7 24. Rfd1 Nf4 25. Rd7 Qg5 26. Bf1 Ne6 27. Qb3 Rf6 28. Qb4 Raf8 29. Bc4 Nf4 30. Rg1 Qh5 31. Qe7 Qg6 32. Rxc7 Nh5 33. Rxb7 Ng3+ 34. hxg3 Qh5# 0-1

[Event "Titled Tuesday intern op 06th Aug Early"]
[Site "Chess.com INT"]
[Date "2024.08.06"]
[Round "9"]
[White "Geivondian, Arman"]
[Black "Khruschiov, Alexey"]
[Result "0-1"]
[WhiteElo "2297"]
[BlackElo "2274"]
[PlyCount "114"]
[EventDate "2024.08.06"]
[EventType "swiss (blitz)"]
[EventRounds "11"]
[EventCountry "USA"]
[SourceTitle "EXT 2025"]
[Source "ChessBase"]
[SourceDate "2024.10.14"]
[SourceVersion "1"]
[SourceVersionDate "2024.10.14"]
[SourceQuality "1"]

1. e4 c5 2. Nf3 d6 3. d4 cxd4 4. Nxd4 Nf6 5. Nc3 a6 6. Be2 e6 7. Be3 Qc7 8. g4 h6 9. h4 b5 10. a3 Bb7 11. f3 Nbd7 12. Qd2 d5 13. exd5 Nxd5 14. Nxd5 Bxd5 15. 0-0-0 Nb6 16. g5 hxg5 17. hxg5 Rxh1 18. Rxh1 0-0-0 19. Qa5 Bc5 20. Qxa6+ Bb7 21. Qxb5 Bxd4 22. Bxd4 Rxd4 23. Bd3 Bc6 24. Qc5 Rd5 25. Qf8+ Kb7 26. Kb1 Rxg5 27. b3 Bxf3 28. Rf1 Bh5 29. Be4+ Ka7 30. a4 Nd5 31. Ka1 Qe5+ 32. Kb1 Nc3+ 33. Kc1 Nxe4 34. Qe7+ Ka6 35. Kb1 Nd2+ 36. Ka2 Nxf1 37. Qd7 Qc5 38. Qd3+ Ka7 39. Qd7+ Kb6 40. Qd8+ Kb7 41. Qd7+ Qc7 42. Qd3 Rc5 43. c4 Rf5 44. Qe4+ Qc6 45. Qd4 Bg6 46. Ka3 Ng3 47. Ka2 Ne4 48. a5 Rxa5+ 49. Kb2 Nc5 50. Qxg7 Qb6 51. Qf8 Qxb3+ 52. Kc1 Qc3+ 53. Kd1 Ra1+ 54. Ke2 Re1+ 55. Kf2 Qe3+ 56. Kg2 Rg1+ 57. Kh2 Qg3# 0-1

[Event "Titled Tuesday intern op 06th Aug Early"]
[Site "Chess.com INT"]
[Date "2024.08.06"]
[Round "8"]
[White "Khruschiov, Alexey"]
[Black "Brancaleoni, Maurizio"]
[Result "1-0"]
[WhiteElo "2274"]
[BlackElo "2180"]
[PlyCount "119"]
[EventDate "2024.08.06"]
[EventType "swiss (blitz)"]
[EventRounds "11"]
[EventCountry "USA"]
[SourceTitle "EXT 2025"]
[Source "ChessBase"]
[SourceDate "2024.10.14"]
[SourceVersion "1"]
[SourceVersionDate "2024.10.14"]
[SourceQuality "1"]

1. e4 e5 2. Nc3 Nf6 3. Nf3 Nc6 4. d4 exd4 5. Nxd4 Bb4 6. Nxc6 bxc6 7. Bd3 0-0 8. 0-0 d5 9. Bd2 Rb8 10. Re1 Bxc3 11. Bxc3 dxe4 12. Bxe4 Nxe4 13. Rxe4 Qxd1+ 14. Rxd1 Be6 15. Ra4 Rb7 16. b3 f6 17. Ra6 Bd5 18. f3 Re8 19. Kf2 Kf7 20. Bd4 c5 21. Bxc5 Re6 22. Rxa7 Rxa7 23. Bxa7 Bc6 24. Bc5 Re5 25. Be3 Rd5 26. Rxd5 Bxd5 27. c4 Be6 28. a4 Ke7 29. Bc5+ Kd7 30. Ke3 Bf5 31. b4 Bc2 32. a5 g6 33. b5 f5 34. Kd4 Bb3 35. a6 Kc8 36. Kd5 Ba2 37. Be3 Bb3 38. Kc6 Kb8 39. Bf4 Bxc4 40. Bxc7+ Ka8 41. Kc5 Bf1 42. g3 Bg2 43. b6 Bxf3 44. b7+ Bxb7 45. axb7+ Kxb7 46. Kd6 g5 47. Kd7 f4 48. gxf4 gxf4 49. Bxf4 Kb6 50. Ke7 Kc5 51. Kf7 Kd5 52. Kg7 Ke6 53. Kxh7 Kf7 54. Bg3 Kf8 55. h4 Kf7 56. h5 Kf8 57. Kg6 Kg8 58. h6 Kh8 59. Be5+ Kg8 60. h7+ 1-0

[Event "Titled Tuesday intern op 23rd Jul Early"]
[Site "Chess.com INT"]
[Date "2024.07.23"]
[Round "5"]
[White "Herpai, Jozsef Matyas"]
[Black "Khruschiov, Alexey"]
[Result "0-1"]
[WhiteElo "2011"]
[BlackElo "2274"]
[PlyCount "114"]
[EventDate "2024.07.23"]
[EventType "swiss (blitz)"]
[EventRounds "11"]
[EventCountry "USA"]
[SourceTitle "EXT 2025"]
[Source "ChessBase"]
[SourceDate "2024.10.14"]
[SourceVersion "1"]
[SourceVersionDate "2024.10.14"]
[SourceQuality "1"]

1. e4 e5 2. Nf3 Nc6 3. d4 exd4 4. Nxd4 Nf6 5. Nxc6 bxc6 6. Nd2 d5 7. exd5 cxd5 8. Bb5+ Bd7 9. Bxd7+ Qxd7 10. 0-0 Be7 11. Qf3 0-0 12. b3 Qg4 13. Bb2 Qxf3 14. Nxf3 Rfe8 15. Rad1 c6 16. Nd4 Rac8 17. Nf5 Bc5 18. Bxf6 gxf6 19. Rfe1 Re5 20. Nh6+ Kg7 21. Ng4 Re6 22. Kf1 h5 23. Ne3 Kg6 24. c3 Rce8 25. Nc2 Kf5 26. b4 Bb6 27. a4 a6 28. Rxe6 fxe6 29. Nd4+ Bxd4 30. Rxd4 c5 31. bxc5 Rc8 32. c4 Rxc5 33. cxd5 exd5 34. Ke2 Ke5 35. Rh4 Ke6 36. Rxh5 Rc4 37. a5 Ra4 38. f4 Rxa5 39. g4 Ra3 40. Rh6 d4 41. g5 Kd5 42. Rxf6 Ke4 43. g6 Ra2+ 44. Ke1 Rxh2 45. g7 Rg2 46. Rf7 Ke3 47. Re7+ Kd3 48. f5 a5 49. f6 a4 50. f7 a3 51. f8Q a2 52. Qf3+ Kc4 53. Rc7+ Kb4 54. Qb7+ Ka3 55. Qa6+ Kb2 56. Rb7+ Ka1 57. Qd3 Rb2 0-1

[Event "Titled Tuesday intern op 23rd Jul Late"]
[Site "Chess.com INT"]
[Date "2024.07.23"]
[Round "9"]
[White "Khruschiov, Alexey"]
[Black "Ardila, Oscar Humberto"]
[Result "1-0"]
[WhiteElo "2274"]
[BlackElo "1971"]
[PlyCount "113"]
[EventDate "2024.07.23"]
[EventType "swiss (blitz)"]
[EventRounds "11"]
[EventCountry "USA"]
[SourceTitle "EXT 2025"]
[Source "ChessBase"]
[SourceDate "2024.10.14"]
[SourceVersion "1"]
[SourceVersionDate "2024.10.14"]
[SourceQuality "1"]

1. e4 e5 2. Nc3 Nf6 3. Nf3 Nc6 4. d4 exd4 5. Nxd4 Bb4 6. Nxc6 bxc6 7. Bd3 d5 8. Bd2 0-0 9. 0-0 Bg4 10. Qc1 Bxc3 11. Bxc3 Nxe4 12. Bxe4 dxe4 13. Qf4 f5 14. Rfe1 Rf7 15. Re3 Qd6 16. Be5 Qe7 17. Rc3 Re8 18. Bd4 Rd8 19. Bxa7 Qd6 20. Qxd6 cxd6 21. Be3 c5 22. h3 Bh5 23. a4 f4 24. Bd2 Ra8 25. Rb3 g5 26. a5 Ra6 27. Rb6 Be2 28. Re1 Rxb6 29. axb6 f3 30. Bxg5 Rb7 31. Bd8 Kf7 32. Bc7 Ke6 33. Kh2 Kd5 34. Ra1 Kc6 35. Kg3 fxg2 36. Kxg2 Bf3+ 37. Kg3 d5 38. Kf4 d4 39. Ra3 h5 40. Kg5 Kd5 41. Kf6 Bg2 42. Kg5 Bf3 43. Kf4 Kc6 44. Rxf3 exf3 45. Kxf3 c4 46. Ke4 Kc5 47. h4 d3 48. cxd3 cxd3 49. Kxd3 Kd5 50. f4 Ke6 51. Ke4 Kf6 52. f5 Kf7 53. Kf4 Kf6 54. Ke4 Kf7 55. Ke5 Ke7 56. f6+ Kf7 57. Kf5 1-0

[Event "Titled Tuesday intern op 23rd Jul Late"]
[Site "Chess.com INT"]
[Date "2024.07.23"]
[Round "3"]
[White "Khruschiov, Alexey"]
[Black "Gerbelli Neto, Eduardo"]
[Result "0-1"]
[WhiteElo "2274"]
[BlackElo "2114"]
[PlyCount "68"]
[EventDate "2024.07.23"]
[EventType "swiss (blitz)"]
[EventRounds "11"]
[EventCountry "USA"]
[SourceTitle "EXT 2025"]
[Source "ChessBase"]
[SourceDate "2024.10.14"]
[SourceVersion "1"]
[SourceVersionDate "2024.10.14"]
[SourceQuality "1"]

1. e4 e5 2. Nc3 Nf6 3. Nf3 Nc6 4. d4 exd4 5. Nxd4 Bb4 6. Nxc6 bxc6 7. Bd3 d5 8. Bd2 0-0 9. 0-0 Bxc3 10. Bxc3 Nxe4 11. Bxe4 dxe4 12. Qh5 Qd5 13. Qe5 Qxe5 14. Bxe5 Rb8 15. b3 Bf5 16. Bxc7 Rb7 17. Bf4 Rd8 18. c4 Rbd7 19. h3 f6 20. g4 Bg6 21. c5 Rd3 22. Kg2 R8d5 23. Bd6 f5 24. gxf5 Bxf5 25. Rh1 Rd2 26. Kg3 R5d3+ 27. Kh4 Rxf2 28. Raf1 Rxf1 29. Rxf1 Rxh3+ 30. Kg5 g6 31. b4 Kf7 32. b5 h6+ 33. Kf4 Ke6 34. Rg1 Rf3# 0-1

[Event "Titled Tuesday intern op 23rd Jul Late"]
[Site "Chess.com INT"]
[Date "2024.07.23"]
[Round "4"]
[White "Khruschiov, Alexey"]
[Black "Huseynova, Lala"]
[Result "0-1"]
[WhiteElo "2274"]
[BlackElo "1972"]
[PlyCount "74"]
[EventDate "2024.07.23"]
[EventType "swiss (blitz)"]
[EventRounds "11"]
[EventCountry "USA"]
[SourceTitle "EXT 2025"]
[Source "ChessBase"]
[SourceDate "2024.10.14"]
[SourceVersion "1"]
[SourceVersionDate "2024.10.14"]
[SourceQuality "1"]

1. e4 c5 2. Nc3 d6 3. d4 cxd4 4. Qxd4 Nc6 5. Qd2 g6 6. b3 Bg7 7. Bb2 Nf6 8. 0-0-0 h5 9. Kb1 0-0 10. f3 a6 11. h4 b5 12. g4 hxg4 13. h5 Nxh5 14. Rxh5 gxh5 15. Qg5 e5 16. Qxh5 f5 17. exf5 Bxf5 18. fxg4 Bh7 19. Nh3 Nd4 20. Bd3 Bxd3 21. cxd3 Qe8 22. Qh4 Qg6 23. Nd5 Bf6 24. Nxf6+ Qxf6 25. Ng5 Qg6 26. Bxd4 exd4 27. Ka1 Kg7 28. Re1 Rae8 29. Ne6+ Rxe6 30. Rh1 Ref6 31. Kb2 Rf2+ 32. Ka3 b4+ 33. Kxb4 Rb8+ 34. Ka3 d5 35. Qe7+ Kg8 36. Re1 Qf7 37. Qg5+ Qg7 0-1

[Event "Titled Tuesday intern op 23rd Jul Early"]
[Site "Chess.com INT"]
[Date "2024.07.23"]
[Round "7"]
[White "Khruschiov, Alexey"]
[Black "Liwak, Przemyslaw"]
[Result "1-0"]
[WhiteElo "2274"]
[BlackElo "2342"]
[PlyCount "77"]
[EventDate "2024.07.23"]
[EventType "swiss (blitz)"]
[EventRounds "11"]
[EventCountry "USA"]
[SourceTitle "EXT 2025"]
[Source "ChessBase"]
[SourceDate "2024.10.14"]
[SourceVersion "1"]
[SourceVersionDate "2024.10.14"]
[SourceQuality "1"]

1. Nf3 Nf6 2. c4 e6 3. e3 b6 4. Nc3 Bb7 5. b3 Be7 6. Bb2 0-0 7. g3 c5 8. Bg2 d6 9. 0-0 Nbd7 10. d3 a6 11. Qe2 Qc7 12. Rad1 Rac8 13. e4 Qb8 14. Ne1 Bc6 15. f4 b5 16. f5 b4 17. Nb1 Ne5 18. Bh3 Bd7 19. Ng2 Rfe8 20. Nd2 Bd8 21. Ne3 a5 22. Nf3 Nxf3+ 23. Rxf3 a4 24. fxe6 fxe6 25. Rdf1 Rf8 26. Ng2 axb3 27. axb3 Be7 28. e5 dxe5 29. Bxe5 Qb6 30. Nf4 Rce8 31. g4 Bc6 32. R3f2 Nd7 33. Nxe6 Rxf2 34. Rxf2 Nxe5 35. Qxe5 Bf6 36. Qd6 Qb7 37. g5 Bd4 38. Nxd4 cxd4 39. Be6+ 1-0

[Event "Titled Tuesday intern op 23rd Jul Early"]
[Site "Chess.com INT"]
[Date "2024.07.23"]
[Round "10"]
[White "Khruschiov, Alexey"]
[Black "Paragua, Megan Althea"]
[Result "0-1"]
[WhiteElo "2274"]
[BlackElo "2041"]
[PlyCount "64"]
[EventDate "2024.07.23"]
[EventType "swiss (blitz)"]
[EventRounds "11"]
[EventCountry "USA"]
[SourceTitle "EXT 2025"]
[Source "ChessBase"]
[SourceDate "2024.10.14"]
[SourceVersion "1"]
[SourceVersionDate "2024.10.14"]
[SourceQuality "1"]

1. Nf3 Nf6 2. c4 e6 3. e3 d5 4. Nc3 Be7 5. b3 0-0 6. Bb2 b6 7. cxd5 exd5 8. Qc2 Bb7 9. Be2 c5 10. 0-0 Nbd7 11. d4 Rc8 12. Rac1 Ne4 13. Qb1 cxd4 14. Nxd4 Nd2 15. Qf5 Nxf1 16. Rxf1 Nf6 17. Rd1 a6 18. Bf3 Bb4 19. Nce2 Qe7 20. Qg5 h6 21. Qh4 Ne4 22. Qh3 Nc3 23. Nf5 Qg5 24. Nxc3 Bxc3 25. Bc1 Be5 26. Be2 Qf6 27. f4 Bc3 28. g4 Rfe8 29. Bd3 d4 30. Qg3 dxe3 31. g5 Qc6 32. Kf1 h5 0-1

[Event "Titled Tuesday intern op 23rd Jul Early"]
[Site "Chess.com INT"]
[Date "2024.07.23"]
[Round "4"]
[White "Khruschiov, Alexey"]
[Black "Vasquez Schroder, Rodrigo Rafael"]
[Result "0-1"]
[WhiteElo "2274"]
[BlackElo "2475"]
[PlyCount "68"]
[EventDate "2024.07.23"]
[EventType "swiss (blitz)"]
[EventRounds "11"]
[EventCountry "USA"]
[SourceTitle "EXT 2025"]
[Source "ChessBase"]
[SourceDate "2024.10.14"]
[SourceVersion "1"]
[SourceVersionDate "2024.10.14"]
[SourceQuality "1"]

1. Nf3 c5 2. c4 Nf6 3. Nc3 e6 4. e3 d5 5. cxd5 exd5 6. d4 a6 7. Be2 c4 8. a4 Bb4 9. 0-0 Nc6 10. Bd2 Qe7 11. Re1 0-0 12. b3 Bxc3 13. Bxc3 Ne4 14. Qc1 Be6 15. bxc4 dxc4 16. Nd2 Nxd2 17. Qxd2 Bd5 18. f3 f5 19. Bd1 Rae8 20. Bc2 Qg5 21. Qf2 b5 22. axb5 axb5 23. Rab1 Rb8 24. Bb4 Nxb4 25. Rxb4 Qe7 26. Reb1 Bc6 27. d5 Bd7 28. Qd2 Qc5 29. Kf1 Rbe8 30. Ke2 Re5 31. f4 Rxd5 32. Qc3 Re8 33. Kf2 Rxe3 34. Qxe3 Rd2+ 0-1

[Event "Titled Tuesday intern op 23rd Jul Late"]
[Site "Chess.com INT"]
[Date "2024.07.23"]
[Round "11"]
[White "Khruschiov, Alexey"]
[Black "Yagiz, Yasin Emrah"]
[Result "0-1"]
[WhiteElo "2274"]
[BlackElo "2180"]
[PlyCount "48"]
[EventDate "2024.07.23"]
[EventType "swiss (blitz)"]
[EventRounds "11"]
[EventCountry "USA"]
[SourceTitle "EXT 2025"]
[Source "ChessBase"]
[SourceDate "2024.10.14"]
[SourceVersion "1"]
[SourceVersionDate "2024.10.14"]
[SourceQuality "1"]

1. e4 c5 2. Nc3 Nc6 3. Nge2 g6 4. d4 cxd4 5. Nxd4 Bg7 6. Be3 Nf6 7. Bc4 d6 8. f3 h5 9. Qd2 Na5 10. Bb3 Bd7 11. 0-0-0 Rb8 12. Kb1 0-0 13. h4 b5 14. g4 b4 15. Nd5 Nxb3 16. axb3 e6 17. Nxf6+ Qxf6 18. gxh5 d5 19. hxg6 fxg6 20. h5 e5 21. Bg5 Qa6 22. hxg6 exd4 23. Bh6 Be5 24. Bxf8 Kxf8 0-1

[Event "Titled Tuesday intern op 23rd Jul Early"]
[Site "Chess.com INT"]
[Date "2024.07.23"]
[Round "2"]
[White "Klekowski, Maciej"]
[Black "Khruschiov, Alexey"]
[Result "0-1"]
[WhiteElo "2463"]
[BlackElo "2274"]
[PlyCount "70"]
[EventDate "2024.07.23"]
[EventType "swiss (blitz)"]
[EventRounds "11"]
[EventCountry "USA"]
[SourceTitle "EXT 2025"]
[Source "ChessBase"]
[SourceDate "2024.10.14"]
[SourceVersion "1"]
[SourceVersionDate "2024.10.14"]
[SourceQuality "1"]

1. c4 e6 2. Nf3 d5 3. e3 c6 4. Nc3 Nf6 5. b3 Bd6 6. Bb2 0-0 7. Qc2 Nbd7 8. g4 Nxg4 9. Rg1 f5 10. Be2 Ndf6 11. h3 Ne5 12. Nd4 Ng6 13. cxd5 cxd5 14. Ncb5 Bb8 15. Ba3 Re8 16. Rc1 Bd7 17. Qb1 a6 18. Nd6 Bxd6 19. Bxd6 Ne4 20. Bc7 Qh4 21. Rf1 f4 22. Bg4 fxe3 23. dxe3 Rf8 24. Nf3 Qe7 25. b4 Bb5 26. Rg1 Rac8 27. Ba5 Rxc1+ 28. Qxc1 b6 29. Bxb6 Qxb4+ 30. Nd2 Rxf2 31. Bxe6+ Kh8 32. a3 Re2+ 33. Kd1 Rxd2+ 34. Ke1 Re2+ 35. Kd1 Nf2# 0-1

[Event "Titled Tuesday intern op 16th Jul Late"]
[Site "Chess.com INT"]
[Date "2024.07.16"]
[Round "8"]
[White "Delorme, Axel"]
[Black "Khruschiov, Alexey"]
[Result "1-0"]
[WhiteElo "2468"]
[BlackElo "2274"]
[PlyCount "51"]
[EventDate "2024.07.16"]
[EventType "swiss (blitz)"]
[EventRounds "11"]
[EventCountry "USA"]
[SourceTitle "EXT 2025"]
[Source "ChessBase"]
[SourceDate "2024.10.14"]
[SourceVersion "1"]
[SourceVersionDate "2024.10.14"]
[SourceQuality "1"]

1. e4 c5 2. Nf3 d6 3. Bb5+ Nd7 4. Ba4 Ngf6 5. 0-0 Nxe4 6. Re1 Nef6 7. d4 Qa5 8. Nc3 e6 9. d5 e5 10. Nxe5 dxe5 11. Rxe5+ Kd8 12. Re1 a6 13. Bxd7 Bxd7 14. Bf4 Qb4 15. Qf3 Bg4 16. Qg3 h5 17. Bd6 Qb6 18. Bxf8 Rxf8 19. d6 Qc6 20. Re7 Nd5 21. Nxd5 Qxd5 22. f3 Qd4+ 23. Kh1 Be6 24. c3 h4 25. Qg5 Qf6 26. Qxc5 1-0

[Event "Titled Tuesday intern op 16th Jul Late"]
[Site "Chess.com INT"]
[Date "2024.07.16"]
[Round "2"]
[White "Khruschiov, Alexey"]
[Black "Gonzalez Zharikov, Andrey"]
[Result "1-0"]
[WhiteElo "2274"]
[BlackElo "2108"]
[PlyCount "51"]
[EventDate "2024.07.16"]
[EventType "swiss (blitz)"]
[EventRounds "11"]
[EventCountry "USA"]
[SourceTitle "EXT 2025"]
[Source "ChessBase"]
[SourceDate "2024.10.14"]
[SourceVersion "1"]
[SourceVersionDate "2024.10.14"]
[SourceQuality "1"]

1. e4 c6 2. d4 d5 3. e5 Bf5 4. h4 h5 5. Bd3 Bxd3 6. Qxd3 e6 7. Bg5 Qb6 8. Nd2 Nh6 9. Bxh6 Rxh6 10. Ngf3 c5 11. c4 dxc4 12. Nxc4 Qb4+ 13. Kf1 Nc6 14. b3 cxd4 15. Nxd4 0-0-0 16. Nxc6 Rxd3 17. Nxb4 Bxb4 18. Ke2 Rd5 19. Rac1 Kb8 20. Rhd1 Rg6 21. g3 Rg4 22. Rxd5 exd5 23. Nd6 Bxd6 24. exd6 Re4+ 25. Kd3 Re8 26. Kd4 1-0

[Event "Titled Tuesday intern op 16th Jul Early"]
[Site "Chess.com INT"]
[Date "2024.07.16"]
[Round "2"]
[White "Khruschiov, Alexey"]
[Black "Kramnik, Vladimir"]
[Result "0-1"]
[WhiteElo "2274"]
[BlackElo "2753"]
[PlyCount "68"]
[EventDate "2024.07.16"]
[EventType "swiss (blitz)"]
[EventRounds "11"]
[EventCountry "USA"]
[SourceTitle "EXT 2025"]
[Source "ChessBase"]
[SourceDate "2024.10.14"]
[SourceVersion "1"]
[SourceVersionDate "2024.10.14"]
[SourceQuality "1"]

1. Nf3 c5 2. c4 Nf6 3. Nc3 e6 4. e3 d5 5. cxd5 exd5 6. d4 Nc6 7. Bb5 cxd4 8. Nxd4 Bd7 9. 0-0 Bd6 10. Nf3 a6 11. Bd3 0-0 12. b3 Qe7 13. Bb2 Bg4 14. Be2 Rad8 15. h3 Bh5 16. a3 Bb8 17. Rc1 Rfe8 18. Na4 Ne4 19. Nd4 Qd6 20. f4 Bxe2 21. Nxe2 Ba7 22. Nd4 Bxd4 23. Bxd4 Nxd4 24. Qxd4 Qxa3 25. Rc7 Qxb3 26. Nb6 Ng3 27. Re1 Nf5 28. Qc5 d4 29. e4 Ne3 30. Rxb7 Qb2 31. Qg5 Qd2 32. Rb1 Qc2 33. Nd7 Kh8 34. Ne5 Qxg2+ 0-1

[Event "Titled Tuesday intern op 16th Jul Early"]
[Site "Chess.com INT"]
[Date "2024.07.16"]
[Round "5"]
[White "Khruschiov, Alexey"]
[Black "Mei, Austin"]
[Result "1-0"]
[WhiteElo "2274"]
[BlackElo "2280"]
[PlyCount "38"]
[EventDate "2024.07.16"]
[EventType "swiss (blitz)"]
[EventRounds "11"]
[EventCountry "USA"]
[SourceTitle "EXT 2025"]
[Source "ChessBase"]
[SourceDate "2024.10.14"]
[SourceVersion "1"]
[SourceVersionDate "2024.10.14"]
[SourceQuality "1"]

1. Nf3 Nf6 2. c4 g6 3. b4 a5 4. b5 d5 5. cxd5 Qxd5 6. Nc3 Qh5 7. e3 Bg7 8. Be2 0-0 9. Bb2 Nbd7 10. 0-0 Nc5 11. d4 Rd8 12. Nd2 Qg5 13. dxc5 Bh3 14. Bf3 Ng4 15. Qe2 Ne5 16. Nce4 Nxf3+ 17. Qxf3 Qg4 18. Bxg7 Qxf3 19. Nxf3 Bf5 1-0